| 000 | 00831nac a22002531u 4500 | ||
|---|---|---|---|
| 003 | EG-ScBUE | ||
| 005 | 20221115024609.0 | ||
| 008 | 221115s2007 vraa f b 001 0 eng d | ||
| 020 | _a1864701684 : | ||
| 020 | _a9781864701685 : | ||
| 040 |
_aEG-ScBUE _beng _erda _cEG-ScBUE _dEG-ScBUE |
||
| 082 | 0 | 4 |
_a720.977311 _bGOE _222 |
| 245 | 0 | 0 |
_aGoettsch partners : _bselected and current works. |
| 264 | 1 |
_aMulgrave, Victoria : _bImages Publishing Group, _c2007. |
|
| 300 |
_a256 pages : _bcolor illustrations ; _c31 cm. |
||
| 490 | 0 | _aThe master architect series | |
| 500 | _a Distributer: Bacca | ||
| 504 | _aIncludes bibliographical references and index. | ||
| 650 | 7 |
_aArchitectural firms _zChicago. _2BUEsh |
|
| 650 | 7 |
_aArchitecture, Classical _zChicago. _2BUEsh |
|
| 653 | _bENGARC | ||
| 655 | _vReading book | ||
| 942 |
_cBB _2ddc |
||
| 999 |
_c8911 _d8911 |
||